Can You Name All Of Taylor Swift's Track 1s? - Statistics

General Stats
  • This quiz has been taken 142 times
    26 since last reset
  • The average score is 11 of 12
Answer Stats
Album Song % Correct
The Tortured Poets Department Fortnight
100%
folklore the 1
100%
Midnights Lavender Haze
96%
Speak Now Mine
96%
reputation ...Ready For It?
96%
Taylor Swift Tim McGraw
96%
evermore willow
96%
Fearless Fearless
92%
Lover I Forgot That You Existed
92%
1989 Welcome To New York
92%
Red State Of Grace
88%
The Life of a Showgirl The Fate of Ophelia
84%
No matching quizzes found
Score Distribution
Percent of People with Each Score
Percentile by Number Answered
Your Score History
You have not taken this quiz since the last reset